| 000 | 00589nam a22001817a 4500 | ||
|---|---|---|---|
| 999 |
_c330609 _d330609 |
||
| 003 | NUST | ||
| 005 | 20170725193541.0 | ||
| 008 | 160112b xxu||||| |||| 00| 0 eng d | ||
| 040 | _cNUST | ||
| 082 |
_a891.4391 _bSAH |
||
| 100 |
_915970 _aSahir Ludyanvi |
||
| 245 |
_aTalkhiyaan _cSahir Ludhyanvi |
||
| 260 |
_aLahore: _bBustan e adab, |
||
| 300 | _a136 p. | ||
| 650 |
_915972 _aUrdu Literature _xGeneral |
||
| 880 |
_6100-01\(3\r _aساحر لدھیانوی |
||
| 880 |
_6245-02\(3\r _aتلخیاں _cساحر لدھیانوی |
||
| 880 |
_6260-03\(3\r _aلاہور: _bبستان ادب |
||
| 942 |
_2ddc _cBK |
||